000 00293nam a22001337a 4500
008 170720b xxu||||| |||| 00| 0 eng d
020 _a068414719X
041 _aeng
080 _a2
100 _a24
101 _aTEO
245 _aPROTESTANT CHRISTIANITY
_cDILLENBERGER, J
942 _2udc
_cBK
999 _c21649
_d21649